• 首页
  • 本馆介绍
  • 公告通知
  • 最新文献
  • 馆藏检索
  • 电子资源
  • 读者导购
  • 参考咨询
  • 我的图书馆
  • 登录
  • 期刊详细显示
  • 现刊情况显示
  • 合订本情况显示
  • 篇目信息显示

期刊信息

  • 表格格式
  • 工作单格式
  • 卡片格式
索取号 
Q2/CR
题名 
Cell Research
作者 
Editorial Board of Cell Research
分册号 
分册名 
出版地 
北京
出版者 
科学出版社
标准刊号 
1001-0602
出版频率 
月刊
中图法分类 
Q2
主题词 
细胞学
电子资源 
000 00593nas0 2200229 45
001 0732362984
005 20160510110809.85
011    @a1001-0602@d¥105.00
091    @aCN31-1568
100    @a20070904d km y0chiy0120 ea
101 0  @aeng
110    @aahaz 0xx0
200 1  @aCell Research@fEditorial Board of Cell Research
210    @a北京@c科学出版社
326    @a月刊@b2005-
326    @a半月刊@b2003-2004
326    @a季刊@b2001-2002
606 0  @a细胞学
690    @aQ2@v4
701  0 @aEditorial Board of Cell Research
801  0 @aCN@bPFT@c20100428
905    @a213230@dQ2@eCR
    
    Cell Research/Editorial Board of Cell Research.-北京:科学出版社
    
    
    
    ISSN 1001-0602:¥105.00
    
●
相关链接: 在易读查询期刊 在中国知网中查询期刊 在万方数据查询期刊 在维普查询期刊
唐山师范学院图书馆 欢迎您!
大连网信软件有限公司© 版权所有